000 00934nam a2200217 a 4500
001 000039377
005 20201002031624.0
008 130625s2001 sp abd 000 0 spa d
020 _a8400079612
040 _aDO-SdBNP
_bspa
_cBNPHU
100 1 _aDíaz Borrás, Andrés
_965582
245 1 3 _aEl miedo al mediterráneo :
_bla caridad popular valenciana y la redención de cautivos bajo poder musulmán, 1323-1539 /
_cAndrés Díaz Borrás.
260 _aBarcelona :
_bConsejo Superior de Investigación Científicas
_bInstitución Milá y Fontanals,
_c2001.
300 _a366 p. :
_bmapas, gráf. ;
_c24 cm.
490 1 _aAnuario de estudios medievales,.
_aAnejo ;
_v44
500 _aIncluye índice
500 _aIncluye (p. [287]-334) apéndice
504 _aBibliografía: p. [269]-285
504 _aIncluye referencias bibliográficas y notas al pie de las páginas
830 0 _aAnuario de estudios medievales,.
_aAnejo
_v44
_964050
999 _c38867
_d38867